| 000 | 00664 a2200181 4500 | ||
|---|---|---|---|
| 003 | Nust | ||
| 005 | 20170207153552.0 | ||
| 040 | _cNust | ||
| 082 | _a005.8 | ||
| 100 | _aAman, Waqas (MSIS-7) | ||
| 245 |
_aSecurity Key establishment & mutual authentication in wireless private area networks-skema _cWaqas Aman |
||
| 260 |
_bMCS (NUST) _cJanuary,2011 _aRawalpindi |
||
| 300 | _aix, 49, p.; | ||
| 505 | _aIntroduction (page-1) Literature review (page-4) Skema architecture (page-22) Skema implementation (page-29) Evaluation of skema (page-36) Conclusion and future work (page-44) | ||
| 538 | _a Almirah No.70 Shelf No.4 | ||
| 650 | _aPG Thesis | ||
| 651 | _aMSIS-7 | ||
| 942 | _cTHS | ||
| 999 |
_c188905 _d188905 |
||